000 00708nam a2200253Ia 4500
003 OSt
005 20220926004224.0
006 a|||||r|||| 00| 0
007 ta
008 220923b |||||||| |||| 00| 0 eng d
020 _a0876924593
037 _cGeneral Book
040 _aRTL
_cRTL
_beng
041 _2eng
_aeng
082 _aX9(J).1N48.N8, M7
100 _aRangaswami G
_9308560
245 0 _aAgriculture in Asia-Pacific commonwealth
260 _a New Delhi
_bPrentice-Hall Of India India
_c1987
300 _aiv,225p
_ccm.
500 _aAppendix P 197-215
650 _aIndustry
942 _hX9(J).1N48.N8, M7
_cGB
_2CC
999 _c610218
_d610218